000 00496nam a2200169Ia 4500
999 _c6253
_d6253
003 OSt
005 20200123103837.0
008 190216s9999||||xx |||||||||||||| ||und||
040 _coclc
082 _a338.7
_bCHE/B
100 _aCherunilam, Francis
_9546
245 0 _aBusiness Enviornment And Policy /
_cFrancis Cherunilam
250 _a4th ed.
260 _bHimalaya Publishing House,
_c2003.
_aMumbai:
300 _a662p
942 _cBK
_2ddc
_h338.7
_iCHE/B
_k338.7
_mCHE/B